Statistics for Leaders of NATO Countries

Click here to take the quiz!

General Stats

  • This quiz has been taken 15 times
  • The average score is 8 of 30

Answer Stats

CountryTitleLeader% Correct
United StatesPresidentJoe Biden
93%
FrancePresidentEmmanuel Macron
86%
TurkeyPresidentRecep Tayyip Erdoğan
86%
United KingdomPrime MinisterBoris Johnson
79%
GermanyChancellorOlaf Scholz
79%
CanadaPrime MinisterJustin Trudeau
71%
HungaryPrime MinisterViktor Orbán
50%
NetherlandsPrime MinisterMark Rutte
36%
SpainPrime MinisterPedro Sánchez
36%
EstoniaPrime MinisterKaja Kallas
29%
LuxembourgPrime MinisterXavier Bettel
21%
BelgiumPrime MinisterAlexander De Croo
14%
PortugalPrime MinisterAntónio Costa
14%
AlbaniaPrime MinisterEdi Rama
14%
RomaniaPresidentKlaus Iohannis
14%
GreecePrime MinisterKyriakos Mitsotakis
14%
ItalyPrime MinisterMario Draghi
14%
PolandPrime MinisterMateusz Morawiecki
14%
DenmarkPrime MinisterMette Frederiksen
14%
SlovakiaPrime MinisterEduard Heger
7%
NorwayPrime MinisterJonas Gahr Støre
7%
BulgariaPrime MinisterKiril Petkov
7%
Czech RepublicPrime MinisterPetr Fiala
7%
SloveniaPrime MinisterRobert Golob
7%
CroatiaPrime MinisterAndrej Plenković
0%
North MacedoniaPrime MinisterDimitar Kovačevski
0%
MontenegroPrime MinisterDritan Abazović
0%
LithuaniaPresidentGitanas Nausėda
0%
IcelandPrime MinisterKatrín Jakobsdóttir
0%
LatviaPrime MinisterKrišjānis Kariņš
0%

Score Distribution

Percentile by Number Answered

Percent of People with Each Score

Your Score History

You have not taken this quiz